zpět

Detail výsledku týmu

Pub Na Plech - Žižkov, Praha

Datum a čas kvízu

29.5 Celkem bodů Celkový počet nahraných bodů na tomto kvízu bez doplňovacích otázek.
5. Pořadí na kvízu Konečné umístění týmu na tomto kvízu.

Zaznamenané odpovědi

# Otázka Odpověď Body Výsledky
1. Do aplikace eRecept přibyla od... ověření dostupnosti předepsaného léku 1
2. Kolumbijský parlament odhlasov... D) býčích zápasů 1
3. Ve kterém městě začal minulý t... ve Zlíně 1
4. Minulý týden oznámili organizá... v Ženevě 1
5. Minulý týden se dostala do méd... David Limberský 1
6. Kterým výrazem na písmeno M se... mixologie 1
7. Ernest Hemingway měl údajně v... Daiquiri 0
8. Oblíbenou složkou míchaných ná... pomeranči 0
9. Ve filmu Někdo to rád horké se... Manhattan 0
10. V poslední otázce se podíváme... vaječný likér; griotku 0.5